Aventures de Télèmaque / (Record no. 137744)
[ view plain ]
| 000 -LEADER | |
|---|---|
| campo de control de longitud fija | 00880nam a2200229 i 4500 |
| 001 - NÚMERO DE CONTROL | |
| campo de control | 137744 |
| 003 - IDENTIFICADOR DE NÚMERO DE CONTROL | |
| campo de control | ES-MaACL |
| 005 - FECHA Y HORA DE LA ÚLTIMA TRANSACCIÓN | |
| campo de control | 20250716063304.0 |
| 007 - CAMPO FIJO DE DESCRIPCIÓN FÍSICA--INFORMACIÓN GENERAL | |
| campo de control de longitud fija | t| |
| 008 - DATOS DE LONGITUD FIJA--INFORMACIÓN GENERAL | |
| campo de control de longitud fija | 070214s1936 sp |||| | fre d |
| 100 1# - ENTRADA PRINCIPAL--NOMBRE DE PERSONA | |
| Nombre de persona | Fénelon, François de Salignac de La Mothe, |
| Fechas asociadas al nombre | 1651-1715 |
| 9 (RLIN) | 49246 |
| 245 10 - MENCIÓN DEL TÍTULO | |
| Título | Aventures de Télèmaque / |
| Mención de responsabilidad, etc. | par Fénelon ; avec un discours sur l'usage de ce livre dans les classes, des notes par l'Abée Auber. |
| 250 ## - MENCION DE EDICION | |
| Mención de edición | Ed. classique, reimp. sur les plus correctes qui ont paru jusqu'a ce jour. |
| 260 ## - PUBLICACIÓN, DISTRIBUCIÓN, ETC. | |
| Lugar de publicación, distribución, etc. | [S. l. : |
| Nombre del editor, distribuidor, etc. | s. n., |
| Fecha de publicación, distribución, etc. | 1936] ( |
| Lugar de fabricación/manufactura | Madrid : |
| Fabricante | Blass) |
| 300 ## - DESCRIPCIÓN FÍSICA | |
| Extensión | 443 p. ; |
| Dimensiones | 17 cm. |
| 500 ## - NOTA GENERAL | |
| Nota general | Reprod. facs. de la ed. de: Paris : Librairie Jacques Lecoffre, 1872. |
| 655 #7 - TERMINO DE INDIZACIÓN--GENERO/FORMA | |
| Fuente del término | tgfbne |
| 9 (RLIN) | 226495 |
| Datos o término principal de género/forma | Facsímiles |
| 700 1# - ENTRADA AGREGADA--NOMBRE PERSONAL | |
| Nombre de persona | Auber, Charles-Auguste. |
| 9 (RLIN) | 23788 |
| 852 ## - LOCALIZACIÓN | |
| Ubicación | ES-MaACL |
| Número de control de estantería | A-4731 |
| 942 ## - ELEMENTOS DE ENTRADA SECUNDARIOS (KOHA) | |
| Fuente del sistema de clasificación o colocación | Clasificación decimal universal |
| Estatus retirado | Estado de pérdida | Estado de daño | No para préstamo | Biblioteca de origen | Biblioteca actual | Ubicación en estantería | Fecha de adquisición | Fuente de adquisición | Total de préstamos | Signatura topográfica completa | Código de barras | Visto por última vez | Precio de reemplazo | Tipo de ítem Koha |
|---|---|---|---|---|---|---|---|---|---|---|---|---|---|---|
| Biblioteca del Ateneo de Madrid | Biblioteca del Ateneo de Madrid | Sala Pecera Planta 1 | 17/01/2008 | A-4731 | 1143341 | 23/02/2023 | 23/02/2023 | Libro impreso |
